[Event "Haifa ol (Women) fin-A"]
[Site "Haifa"]
[Date "1976.??.??"]
[Round "1.1"]
[White "Savereide, Diane"]
[Black "Hoiberg, Nina"]
[Result "1/2-1/2"]
[WhiteElo "2165"]
[BlackElo "1800"]
[PlyCount "56"]
[EventDate "1976.10.25"]
[EventType "team"]
[EventRounds "7"]
[EventCountry "ISR"]
[SourceTitle "EXT 2000"]
[Source "ChessBase"]
[SourceDate "1999.11.16"]
[SourceVersion "1"]
[SourceVersionDate "1999.11.16"]
[SourceQuality "1"]
[WhiteTeam "USA"]
[BlackTeam "Danmark"]

1. e4 e5 2. Nf3 Nc6 3. Bb5 a6 4. Bxc6 dxc6 5. O-O Bd6 6. d4 Bg4 7. dxe5 Bxf3 8.
Qxf3 Bxe5 9. Nd2 Qf6 10. c3 Qxf3 11. Nxf3 Bd6 12. Be3 f6 13. Rad1 O-O-O 14. Nd4
Rd7 15. Rfe1 Ne7 16. f4 Ng6 17. Ne6 Re8 18. f5 Ne5 19. Bd4 g6 20. Bxe5 Bxe5 21.
Rxd7 Kxd7 22. Rd1+ Kc8 23. Kf2 b6 24. Rd3 g5 25. Kf3 b5 26. g3 Rh8 27. Rd2 h5
28. Kg2 Bd6 1/2-1/2

[Event "Haifa ol (Women) fin-A"]
[Site "Haifa"]
[Date "1976.??.??"]
[Round "1.2"]
[White "Haahr, Merete"]
[Black "Herstein, Ruth"]
[Result "0-1"]
[WhiteElo "2030"]
[BlackElo "2080"]
[PlyCount "72"]
[EventDate "1976.10.25"]
[EventType "team"]
[EventRounds "7"]
[EventCountry "ISR"]
[SourceTitle "EXT 2000"]
[Source "ChessBase"]
[SourceDate "1999.11.16"]
[SourceVersion "1"]
[SourceVersionDate "1999.11.16"]
[SourceQuality "1"]
[WhiteTeam "Danmark"]
[BlackTeam "USA"]

1. e4 c5 2. Nf3 Nc6 3. Bb5 g6 4. c3 Bg7 5. O-O Nf6 6. Re1 O-O 7. d4 cxd4 8.
cxd4 d6 9. Nc3 Bd7 10. h3 a6 11. Bf1 b5 12. a3 Qc7 13. Be3 Rfc8 14. Qd2 Na5 15.
Qd1 Qb7 16. d5 Nc4 17. Bc1 Be8 18. Qb3 Nd7 19. Bxc4 Rxc4 20. Qc2 Rac8 21. Bd2
R4c7 22. Rac1 Nb6 23. Qb3 Nc4 24. Rc2 Nxd2 25. Nxd2 Rc5 26. Nf3 Qc7 27. Rec1
Bd7 28. Ne1 Bh6 29. Rd1 Qb8 30. Ne2 R8c7 31. Nd4 Qc8 32. Qd3 Bg7 33. Rdc1 Bxd4
34. b4 Rxc2 35. Rxc2 Rxc2 36. Nxc2 Be5 0-1

[Event "Haifa ol (Women) fin-A"]
[Site "Haifa"]
[Date "1976.??.??"]
[Round "1.3"]
[White "Orton, Ruth Inez"]
[Black "Larsen, Ingrid"]
[Result "1-0"]
[WhiteElo "2090"]
[BlackElo "1920"]
[PlyCount "62"]
[EventDate "1976.10.25"]
[EventType "team"]
[EventRounds "7"]
[EventCountry "ISR"]
[SourceTitle "EXT 2000"]
[Source "ChessBase"]
[SourceDate "1999.11.16"]
[SourceVersion "1"]
[SourceVersionDate "1999.11.16"]
[SourceQuality "1"]
[WhiteTeam "USA"]
[BlackTeam "Danmark"]

1. e4 c5 2. c3 Nc6 3. d4 cxd4 4. cxd4 d6 5. Nc3 Nf6 6. Be2 e6 7. Nf3 Be7 8. O-O
a6 9. h3 O-O 10. Be3 b5 11. a3 Bb7 12. Nd2 Rc8 13. f4 e5 14. fxe5 dxe5 15. d5
Nd4 16. Nf3 Nxe2+ 17. Qxe2 Qd6 18. Bf2 Nd7 19. Bg3 f6 20. Nh4 g6 21. Qg4 Rf7
22. Nf5 Qb6+ 23. Bf2 Qd8 24. Nh6+ Kg7 25. Nxf7 Kxf7 26. Qe6+ Kg7 27. d6 Bf8 28.
Nd5 Rc4 29. Rac1 Bc8 30. Ne7 Rxe4 31. Rxc8 Qxc8 1-0

[Event "Haifa ol (Women) fin-A"]
[Site "Haifa"]
[Date "1976.??.??"]
[Round "2.1"]
[White "Hoiberg, Nina"]
[Black "McGrath, Marion"]
[Result "1-0"]
[WhiteElo "1800"]
[BlackElo "1800"]
[PlyCount "111"]
[EventDate "1976.10.25"]
[EventType "team"]
[EventRounds "7"]
[EventCountry "ISR"]
[SourceTitle "EXT 2000"]
[Source "ChessBase"]
[SourceDate "1999.11.16"]
[SourceVersion "1"]
[SourceVersionDate "1999.11.16"]
[SourceQuality "1"]
[WhiteTeam "Danmark"]
[BlackTeam "Australien"]

1. e4 g6 2. d4 Bg7 3. Nf3 d6 4. Nc3 Nf6 5. Be2 O-O 6. Bf4 c6 7. Qd2 Na6 8. Bh6
b5 9. a3 Rb8 10. h4 Bxh6 11. Qxh6 Ng4 12. Qd2 h5 13. Nh2 e5 14. Nxg4 hxg4 15.
d5 b4 16. axb4 Nxb4 17. Rxa7 cxd5 18. exd5 Bf5 19. Bd1 Qf6 20. Qh6 Qg7 21.
Qxg7+ Kxg7 22. Kd2 Ra8 23. Rb7 Rfb8 24. Rxb8 Rxb8 25. b3 Ra8 26. h5 gxh5 27.
Rxh5 Bg6 28. Rh4 f5 29. Nb5 Ra5 30. c4 Nxd5 31. Nxd6 Ra2+ 32. Kc1 Nb4 33. Bxg4
fxg4 34. Rxg4 Rxf2 35. c5 Nd3+ 36. Kd1 Nxc5 37. Nc4 Nd3 38. Rg3 e4 39. Nd2 Rf4
40. Kc2 Nc5 41. Kc3 Kf6 42. Kd4 Nb7 43. Nc4 Bf7 44. Ne3 Rh4 45. Ng4+ Kf5 46.
Ne3+ Ke6 47. Rg5 Nd6 48. b4 Rh1 49. Ng4 Rd1+ 50. Ke3 Rd3+ 51. Kf4 Rd5 52. Rg7
Rb5 53. Ne3 Rxb4 54. g4 Kf6 55. Rh7 Rb5 56. g5+ 1-0

[Event "Haifa ol (Women) fin-A"]
[Site "Haifa"]
[Date "1976.??.??"]
[Round "2.2"]
[White "Kellner, Narelle"]
[Black "Haahr, Merete"]
[Result "1/2-1/2"]
[WhiteElo "1800"]
[BlackElo "2030"]
[PlyCount "114"]
[EventDate "1976.10.25"]
[EventType "team"]
[EventRounds "7"]
[EventCountry "ISR"]
[SourceTitle "EXT 2000"]
[Source "ChessBase"]
[SourceDate "1999.11.16"]
[SourceVersion "1"]
[SourceVersionDate "1999.11.16"]
[SourceQuality "1"]
[WhiteTeam "Australien"]
[BlackTeam "Danmark"]

1. e4 e5 2. Nf3 d6 3. d4 exd4 4. Nxd4 g6 5. Nc3 Bg7 6. Be3 Nf6 7. Be2 O-O 8.
O-O Re8 9. Bf3 Nbd7 10. Nb3 Ne5 11. Be2 Nfg4 12. Bd4 Qh4 13. h3 Nf6 14. Bxe5
Rxe5 15. f4 Re8 16. Qd3 a6 17. Qf3 Bd7 18. Bd3 c6 19. Qf2 Qxf2+ 20. Rxf2 Rad8
21. g4 h5 22. g5 Nh7 23. Kg2 Bc8 24. Raf1 Nf8 25. h4 f5 26. Nd2 Bd4 27. Re2 b5
28. Nf3 Bxc3 29. bxc3 fxe4 30. Rxe4 Rxe4 31. Bxe4 d5 32. Bd3 c5 33. Ne5 Kg7 34.
f5 gxf5 35. Bxf5 Bxf5 36. Rxf5 Re8 37. Kf2 Re6 38. Nd3 Re4 39. Rf4 Ne6 40. Rxe4
dxe4 41. Ne5 Nf4 42. c4 bxc4 43. Nd7 Nd5 44. Nxc5 Nc3 45. Ke3 a5 46. a4 Kg6 47.
Kd4 Ne2+ 48. Kxe4 Ng3+ 49. Kd5 c3 50. Ne4 Nf5 51. Nxc3 Nxh4 52. Ne2 Nf5 53.
Nf4+ Kxg5 54. Nxh5 Kxh5 55. c4 Kg5 56. Kc6 Kf6 57. c5 Ke6 1/2-1/2

[Event "Haifa ol (Women) fin-A"]
[Site "Haifa"]
[Date "1976.??.??"]
[Round "2.3"]
[White "Larsen, Ingrid"]
[Black "Depasquale, Cathy"]
[Result "1/2-1/2"]
[WhiteElo "1920"]
[BlackElo "1800"]
[PlyCount "55"]
[EventDate "1976.10.25"]
[EventType "team"]
[EventRounds "7"]
[EventCountry "ISR"]
[SourceTitle "EXT 2000"]
[Source "ChessBase"]
[SourceDate "1999.11.16"]
[SourceVersion "1"]
[SourceVersionDate "1999.11.16"]
[SourceQuality "1"]
[WhiteTeam "Danmark"]
[BlackTeam "Australien"]

1. d4 Nf6 2. c4 e6 3. Nc3 c5 4. e3 d5 5. Nf3 Nc6 6. Be2 Be7 7. O-O O-O 8. a3
cxd4 9. Nxd4 a6 10. b4 dxc4 11. Bxc4 Qc7 12. Qb3 Ne5 13. Be2 Neg4 14. Nf3 e5
15. e4 Be6 16. Qb2 Rac8 17. Bd2 Rfd8 18. Rac1 Qb8 19. h3 Nh6 20. Bg5 Kh8 21.
Rfd1 Nhg8 22. Nh2 Nd7 23. Bxe7 Nxe7 24. Bg4 Bxg4 25. Nxg4 f6 26. Ne3 Nb6 27.
Rxd8+ Rxd8 28. Rd1 1/2-1/2

[Event "Haifa ol (Women) fin-A"]
[Site "Haifa"]
[Date "1976.??.??"]
[Round "3.1"]
[White "Kushnir, Alla"]
[Black "Hoiberg, Nina"]
[Result "1-0"]
[WhiteElo "2365"]
[BlackElo "1800"]
[PlyCount "67"]
[EventDate "1976.10.25"]
[EventType "team"]
[EventRounds "7"]
[EventCountry "ISR"]
[SourceTitle "EXT 2000"]
[Source "ChessBase"]
[SourceDate "1999.11.16"]
[SourceVersion "1"]
[SourceVersionDate "1999.11.16"]
[SourceQuality "1"]
[WhiteTeam "Israel"]
[BlackTeam "Danmark"]

1. d4 Nf6 2. c4 g6 3. Nf3 Bg7 4. g3 O-O 5. Bg2 d6 6. O-O Nbd7 7. Nc3 a6 8. e4
c5 9. h3 Qc7 10. d5 Nb6 11. Qe2 Nfd7 12. a4 Ne5 13. Nd2 f6 14. f4 Nf7 15. Nf3
Re8 16. a5 Nd7 17. Bd2 b6 18. Kh2 Bb7 19. Qf2 Rab8 20. axb6 Nxb6 21. b3 Nd7 22.
Ra3 Ra8 23. Re1 Rab8 24. Nd1 Ra8 25. Ba5 Qc8 26. Ne3 Ra7 27. h4 Qb8 28. Bh3 Bc8
29. Be6 Rf8 30. h5 Rb7 31. hxg6 hxg6 32. Nh4 Rxb3 33. Rxb3 Qxb3 34. Nxg6 1-0

[Event "Haifa ol (Women) fin-A"]
[Site "Haifa"]
[Date "1976.??.??"]
[Round "3.2"]
[White "Haahr, Merete"]
[Black "Kristol, Luba"]
[Result "0-1"]
[WhiteElo "2030"]
[BlackElo "1800"]
[PlyCount "76"]
[EventDate "1976.10.25"]
[EventType "team"]
[EventRounds "7"]
[EventCountry "ISR"]
[SourceTitle "EXT 2000"]
[Source "ChessBase"]
[SourceDate "1999.11.16"]
[SourceVersion "1"]
[SourceVersionDate "1999.11.16"]
[SourceQuality "1"]
[WhiteTeam "Danmark"]
[BlackTeam "Israel"]

1. e4 c5 2. Nf3 Nc6 3. Bb5 Nf6 4. Qe2 g6 5. c3 Qb6 6. O-O Bg7 7. Na3 O-O 8. Nc2
Nxe4 9. Bxc6 Qxc6 10. d3 Nf6 11. Re1 d6 12. h3 e5 13. Be3 b6 14. d4 exd4 15.
cxd4 Re8 16. dxc5 dxc5 17. Na3 Bb7 18. Rad1 Nd5 19. Qd2 Nxe3 20. Rxe3 Rxe3 21.
fxe3 Bf6 22. Nc4 Rd8 23. Qc2 Rxd1+ 24. Qxd1 Qd5 25. Qxd5 Bxd5 26. b3 b5 27. Nd6
Bc6 28. Kf2 Kf8 29. Ke2 a6 30. e4 Ke7 31. e5 Bxf3+ 32. gxf3 Bxe5 33. Ne4 Bd4
34. Kd3 f5 35. Nd2 Be5 36. a4 Kd6 37. Nf1 Bf4 38. Kc3 Kd5 0-1

[Event "Haifa ol (Women) fin-A"]
[Site "Haifa"]
[Date "1976.??.??"]
[Round "3.3"]
[White "Nudelman, Lea"]
[Black "Larsen, Ingrid"]
[Result "1-0"]
[WhiteElo "2060"]
[BlackElo "1920"]
[PlyCount "51"]
[EventDate "1976.10.25"]
[EventType "team"]
[EventRounds "7"]
[EventCountry "ISR"]
[SourceTitle "MCD"]
[Source "ChessBase"]
[SourceDate "1999.07.01"]
[SourceVersion "1"]
[SourceVersionDate "1999.07.01"]
[SourceQuality "1"]
[WhiteTeam "Israel"]
[BlackTeam "Danmark"]

1. c4 Nf6 2. Nc3 e6 3. g3 d5 4. Bg2 c6 5. cxd5 exd5 6. d4 Bd6 7. Nf3 Nbd7 8.
O-O O-O 9. Rb1 Re8 10. Re1 Nb6 11. Nh4 h6 12. Qd3 Bb4 13. a3 Bxc3 14. bxc3 Ne4
15. f3 g5 16. fxe4 gxh4 17. Bxh6 Re6 18. Bf4 dxe4 19. Bxe4 Qe7 20. Bf5 Rf6 21.
Bxc8 Nxc8 22. Bg5 hxg3 23. Qxg3 Rg6 24. Bxe7 Rxg3+ 25. hxg3 Nxe7 26. Rxb7 1-0

[Event "Haifa ol (Women) fin-A"]
[Site "Haifa"]
[Date "1976.??.??"]
[Round "4.1"]
[White "Hoiberg, Nina"]
[Black "Laakmann, Anni"]
[Result "0-1"]
[WhiteElo "1800"]
[BlackElo "2135"]
[PlyCount "64"]
[EventDate "1976.10.25"]
[EventType "team"]
[EventRounds "7"]
[EventCountry "ISR"]
[SourceTitle "EXT 2000"]
[Source "ChessBase"]
[SourceDate "1999.11.16"]
[SourceVersion "1"]
[SourceVersionDate "1999.11.16"]
[SourceQuality "1"]
[WhiteTeam "Danmark"]
[BlackTeam "Vesttyskland"]

1. e4 e6 2. d4 d5 3. exd5 exd5 4. Nf3 Nf6 5. Be2 Be7 6. O-O O-O 7. Re1 Bf5 8.
Bd3 Bxd3 9. Qxd3 Nbd7 10. Bg5 Re8 11. Nbd2 h6 12. Bf4 Nf8 13. Nf1 Ng6 14. Bd2
Bd6 15. Ng3 Qd7 16. c3 c6 17. Kf1 Bxg3 18. hxg3 Ne4 19. Be3 Qf5 20. Ke2 Re7 21.
Rh1 Rae8 22. Rh3 Nxg3+ 23. Kd2 Ne4+ 24. Kc2 Qg4 25. Qf1 Nd6 26. Kb3 Nc4 27.
Bxh6 gxh6 28. Qh1 Re2 29. Rb1 Qe4 30. Qd1 Rxf2 31. Rxh6 Qe2 32. Qc1 Ne3 0-1

[Event "Haifa ol (Women) fin-A"]
[Site "Haifa"]
[Date "1976.??.??"]
[Round "4.2"]
[White "Prill, Thea"]
[Black "Haahr, Merete"]
[Result "1/2-1/2"]
[WhiteElo "1800"]
[BlackElo "2030"]
[PlyCount "88"]
[EventDate "1976.10.25"]
[EventType "team"]
[EventRounds "7"]
[EventCountry "ISR"]
[SourceTitle "EXT 2000"]
[Source "ChessBase"]
[SourceDate "1999.11.16"]
[SourceVersion "1"]
[SourceVersionDate "1999.11.16"]
[SourceQuality "1"]
[WhiteTeam "Vesttyskland"]
[BlackTeam "Danmark"]

1. e4 e5 2. Nf3 d6 3. d4 exd4 4. Qxd4 Nc6 5. Bb5 Bd7 6. Bxc6 Bxc6 7. Nc3 Nf6 8.
Bg5 Be7 9. O-O-O O-O 10. Rhe1 h6 11. Bh4 Re8 12. Nd2 Nd7 13. Bxe7 Qxe7 14. g3
Qf6 15. Qxf6 Nxf6 16. f3 Re7 17. Nc4 Rae8 18. Na5 Kf8 19. Nxc6 bxc6 20. Rd4 c5
21. Ra4 c6 22. Ra6 Rc8 23. Rd1 Ne8 24. f4 g6 25. e5 d5 26. Na4 c4 27. Nc5 Ng7
28. Re1 Ne6 29. Nxe6+ fxe6 30. Re3 Rb7 31. Rea3 Rcc7 32. c3 Ke7 33. Kc2 Kd7 34.
b3 cxb3+ 35. axb3 Kc8 36. Kd3 Kb8 37. b4 Rb6 38. Kd4 Rxa6 39. Rxa6 Kb7 40. Ra5
Kb6 41. h4 h5 42. Rc5 a6 43. Kd3 Rc8 44. Kd4 Ra8 1/2-1/2

[Event "Haifa ol (Women) fin-A"]
[Site "Haifa"]
[Date "1976.??.??"]
[Round "4.3"]
[White "Larsen, Ingrid"]
[Black "Wasnetsky, Ursula"]
[Result "1/2-1/2"]
[WhiteElo "1920"]
[BlackElo "2010"]
[PlyCount "102"]
[EventDate "1976.10.25"]
[EventType "team"]
[EventRounds "7"]
[EventCountry "ISR"]
[SourceTitle "EXT 2000"]
[Source "ChessBase"]
[SourceDate "1999.11.16"]
[SourceVersion "1"]
[SourceVersionDate "1999.11.16"]
[SourceQuality "1"]
[WhiteTeam "Danmark"]
[BlackTeam "Vesttyskland"]

1. d4 d5 2. Nf3 Nf6 3. e3 Bf5 4. Bd3 e6 5. Bxf5 exf5 6. O-O Bd6 7. c4 dxc4 8.
Qa4+ Nbd7 9. Qxc4 O-O 10. Qd3 g6 11. Nbd2 Re8 12. Nc4 Bf8 13. Qb3 Nb6 14. Bd2
Nxc4 15. Qxc4 Ne4 16. Rac1 Nxd2 17. Nxd2 c5 18. Nf3 cxd4 19. Nxd4 a6 20. Rfd1
Rc8 21. Qxc8 Qxc8 22. Rxc8 Rxc8 23. Kf1 Bg7 24. Ke2 Kf8 25. Kd3 h5 26. h4 f4
27. Rd2 fxe3 28. fxe3 Bf6 29. g3 Ke7 30. b3 Be5 31. Rg2 Bg7 32. g4 hxg4 33.
Rxg4 Rc5 34. Rg5 Rxg5 35. hxg5 Kd6 36. Ke4 Bf8 37. Nf3 Be7 38. Ne5 Ke6 39. Nf3
Bd8 40. Nd4+ Kd6 41. Nf3 a5 42. Ne5 Ke6 43. Nf3 Kd6 44. Ne5 Ke6 45. Nf3 Bb6 46.
Nd2 Bd8 47. Nf3 f5+ 48. gxf6 Bxf6 49. Nd2 Bd8 50. Nf3 Bf6 51. Nd2 Bd8 1/2-1/2

[Event "Haifa ol (Women) fin-A"]
[Site "Haifa"]
[Date "1976.??.??"]
[Round "5.1"]
[White "Bellin, Jana"]
[Black "Hoiberg, Nina"]
[Result "1/2-1/2"]
[WhiteElo "2230"]
[BlackElo "1800"]
[PlyCount "67"]
[EventDate "1976.10.25"]
[EventType "team"]
[EventRounds "7"]
[EventCountry "ISR"]
[SourceTitle "EXT 2000"]
[Source "ChessBase"]
[SourceDate "1999.11.16"]
[SourceVersion "1"]
[SourceVersionDate "1999.11.16"]
[SourceQuality "1"]
[WhiteTeam "England"]
[BlackTeam "Danmark"]

1. d4 Nf6 2. c4 g6 3. Nc3 d5 4. cxd5 Nxd5 5. e4 Nxc3 6. bxc3 c5 7. Bc4 Bg7 8.
Ne2 O-O 9. O-O Nc6 10. Be3 Na5 11. Bd3 Qc7 12. Rc1 e6 13. Qd2 b6 14. Bh6 Bb7
15. Ng3 Qe7 16. Bxg7 Kxg7 17. f4 f5 18. Qe3 Qd6 19. Rcd1 Rae8 20. Bc2 Nc4 21.
Qe2 Na3 22. Bb3 fxe4 23. Nxe4 Bxe4 24. Qxe4 c4 25. Bc2 Nxc2 26. Qxc2 Rxf4 27.
Qa4 Ref8 28. Qxc4 Rxf1+ 29. Rxf1 Rxf1+ 30. Qxf1 Qa3 31. Qc4 Qc1+ 32. Kf2 Qf4+
33. Kg1 Qc1+ 34. Kf2 1/2-1/2

[Event "Haifa ol (Women) fin-A"]
[Site "Haifa"]
[Date "1976.??.??"]
[Round "5.2"]
[White "Haahr, Merete"]
[Black "Pritchard, Elaine"]
[Result "0-1"]
[WhiteElo "2030"]
[BlackElo "2055"]
[PlyCount "62"]
[EventDate "1976.10.25"]
[EventType "team"]
[EventRounds "7"]
[EventCountry "ISR"]
[SourceTitle "EXT 2000"]
[Source "ChessBase"]
[SourceDate "1999.11.16"]
[SourceVersion "1"]
[SourceVersionDate "1999.11.16"]
[SourceQuality "1"]
[WhiteTeam "Danmark"]
[BlackTeam "England"]

1. e4 e5 2. Nf3 Nf6 3. Nc3 Bb4 4. d3 d5 5. exd5 Nxd5 6. Bd2 Nxc3 7. bxc3 Bd6 8.
Be2 O-O 9. O-O c5 10. Bg5 Qc7 11. g3 Bh3 12. Re1 Nc6 13. Nd2 h6 14. Be3 f5 15.
Nc4 f4 16. Bd2 Rad8 17. Bg4 Bxg4 18. Qxg4 Rf6 19. Re2 Qf7 20. Rb1 Bb8 21. Qh3
b6 22. gxf4 exf4 23. f3 Rf5 24. Kh1 Kh7 25. Rbe1 b5 26. Re6 bxc4 27. Rxc6 cxd3
28. cxd3 Rxd3 29. Qg2 Rg5 30. Qe2 Qd5 31. Bc1 Rxf3 0-1

[Event "Haifa ol (Women) fin-A"]
[Site "Haifa"]
[Date "1976.??.??"]
[Round "5.3"]
[White "Caldwell, Susan Linda"]
[Black "Larsen, Ingrid"]
[Result "0-1"]
[WhiteElo "2060"]
[BlackElo "1920"]
[PlyCount "82"]
[EventDate "1976.10.25"]
[EventType "team"]
[EventRounds "7"]
[EventCountry "ISR"]
[SourceTitle "MCD"]
[Source "ChessBase"]
[SourceDate "1999.07.01"]
[SourceVersion "1"]
[SourceVersionDate "1999.07.01"]
[SourceQuality "1"]
[WhiteTeam "England"]
[BlackTeam "Danmark"]

1. e4 c5 2. Nf3 Nc6 3. d4 cxd4 4. Nxd4 e6 5. Nb5 d6 6. c4 a6 7. N5c3 g6 8. Be2
Bg7 9. O-O Nge7 10. Bf4 Ne5 11. Qd2 N7c6 12. Kh1 f6 13. Rd1 Ke7 14. Qe3 Qa5 15.
a3 Rd8 16. Bxe5 dxe5 17. Nd2 Nd4 18. f4 Nc2 19. Qh3 Nxa1 20. fxe5 Qxe5 21. Bd3
Qf4 22. e5 Qxe5 23. Qxh7 f5 24. Nf3 Qf6 25. Qh3 b5 26. Qg3 Ra7 27. Qf2 Rad7 28.
Qe2 bxc4 29. Bxc4 Rxd1+ 30. Nxd1 Rd6 31. Nc3 Bb7 32. Qf2 Bxf3 33. gxf3 Qd4 34.
Qe2 Qe5 35. Qf2 Qd4 36. Qe2 Be5 37. Ba2 Qf4 38. Qf2 Qc1+ 39. Kg2 Rd2 40. Ne2
Rxe2 41. Qxe2 Qxb2 0-1

[Event "Haifa ol (Women) fin-A"]
[Site "Haifa"]
[Date "1976.??.??"]
[Round "6.1"]
[White "Van der Mije, Alexandra"]
[Black "Hoiberg, Nina"]
[Result "1-0"]
[WhiteElo "2295"]
[BlackElo "1800"]
[PlyCount "103"]
[EventDate "1976.10.25"]
[EventType "team"]
[EventRounds "7"]
[EventCountry "ISR"]
[SourceTitle "EXT 2000"]
[Source "ChessBase"]
[SourceDate "1999.11.16"]
[SourceVersion "1"]
[SourceVersionDate "1999.11.16"]
[SourceQuality "1"]
[WhiteTeam "Holland"]
[BlackTeam "Danmark"]

1. e4 e5 2. Nf3 Nc6 3. Bb5 a6 4. Ba4 Nf6 5. O-O Be7 6. Re1 b5 7. Bb3 d6 8. c3
Bg4 9. d3 O-O 10. h3 Bd7 11. Nbd2 Na5 12. Bc2 c5 13. Nf1 Rc8 14. N3h2 Qc7 15.
Qf3 Ne8 16. g4 Qd8 17. Ne3 Bg5 18. Nhf1 Be6 19. Ng3 g6 20. Nd5 Bxc1 21. Raxc1
Qh4 22. Qg2 Bxd5 23. exd5 Nf6 24. b3 h5 25. gxh5 Nxh5 26. Nxh5 Qxh5 27. Re3 Kg7
28. Rf1 Rh8 29. f4 exf4 30. Rxf4 Rce8 31. Ref3 Re1+ 32. Kh2 Rhe8 33. Rxf7+ Kh8
34. d4 R1e2 35. Rf2 Rxf2 36. Rxf2 Kg7 37. Be4 cxd4 38. cxd4 Qh6 39. Qg4 Rf8 40.
Rxf8 Kxf8 41. Qc8+ Kg7 42. Qd7+ Kg8 43. Qxd6 Qd2+ 44. Bg2 Qxa2 45. Qxg6+ Kf8
46. Qxa6 Qd2 47. Qf6+ Ke8 48. d6 Qe2 49. Qe5+ Qxe5+ 50. dxe5 Nxb3 51. Bc6+ Kf8
52. e6 1-0

[Event "Haifa ol (Women) fin-A"]
[Site "Haifa"]
[Date "1976.??.??"]
[Round "6.2"]
[White "Haahr, Merete"]
[Black "Vreeken, Corry"]
[Result "1/2-1/2"]
[WhiteElo "2030"]
[BlackElo "2155"]
[PlyCount "161"]
[EventDate "1976.10.25"]
[EventType "team"]
[EventRounds "7"]
[EventCountry "ISR"]
[SourceTitle "EXT 2000"]
[Source "ChessBase"]
[SourceDate "1999.11.16"]
[SourceVersion "1"]
[SourceVersionDate "1999.11.16"]
[SourceQuality "1"]
[WhiteTeam "Danmark"]
[BlackTeam "Holland"]

1. e4 e5 2. Nf3 Nc6 3. Bb5 Nf6 4. Qe2 Be7 5. c3 d6 6. d4 exd4 7. cxd4 O-O 8.
Nc3 Bg4 9. Be3 d5 10. e5 Ne4 11. h3 Bh5 12. Bd3 Bb4 13. Qc2 Bg6 14. O-O Bxc3
15. bxc3 b6 16. Nd2 Nxd2 17. Bxd2 Bxd3 18. Qxd3 Na5 19. Qg3 Kh8 20. Rfe1 Qd7
21. Qd3 Nc4 22. Bg5 Rae8 23. f4 f5 24. Re2 a5 25. Rae1 Qe6 26. Qf3 h6 27. Bh4
c6 28. Rf1 Qf7 29. g4 Re6 30. Rg2 Rg6 31. Kh2 Re8 32. Qd3 Rf8 33. Qe2 Re6 34.
gxf5 Qxf5 35. Rgf2 b5 36. Rg1 Rf7 37. Qg4 Ne3 38. Qf3 Nc4 39. Rfg2 a4 40. Rg4
g5 41. Qg3 Rg6 42. Qf2 Rfg7 43. fxg5 Qxf2+ 44. Bxf2 Rxg5 45. Rh4 Kh7 46. Rf4
Rxg1 47. Bxg1 Rg6 48. Bf2 Nd2 49. Bh4 Ne4 50. Rf3 Kg7 51. Be7 Re6 52. Bb4 Kg6
53. Rf8 Kg5 54. Ba5 Kg6 55. Kg2 Kg7 56. Rf4 Rg6+ 57. Rg4 h5 58. Rxg6+ Kxg6 59.
Kf3 Kf5 60. Bb4 h4 61. Ke3 Ng5 62. Be7 Nxh3 63. Bxh4 Nf4 64. Be7 Ne6 65. Bd6
Ng5 66. Kd3 Ne4 67. Bb4 Ke6 68. Ke3 c5 69. dxc5 Kxe5 70. c6 Nd6 71. Kd3 Nc8 72.
Bc5 d4 73. cxd4+ Kd5 74. c7 Kc6 75. Ke4 Kxc7 76. d5 Nd6+ 77. Ke5 Nb7 78. Bb4
Kb6 79. Ke6 Kc7 80. Ke7 Kc8 81. d6 1/2-1/2

[Event "Haifa ol (Women) fin-A"]
[Site "Haifa"]
[Date "1976.??.??"]
[Round "6.3"]
[White "Van der Giessen, Ada"]
[Black "Larsen, Ingrid"]
[Result "1-0"]
[WhiteElo "2095"]
[BlackElo "1920"]
[PlyCount "52"]
[EventDate "1976.10.25"]
[EventType "team"]
[EventRounds "7"]
[EventCountry "ISR"]
[SourceTitle "EXT 2000"]
[Source "ChessBase"]
[SourceDate "1999.11.16"]
[SourceVersion "1"]
[SourceVersionDate "1999.11.16"]
[SourceQuality "1"]
[WhiteTeam "Holland"]
[BlackTeam "Danmark"]

1. e4 c5 2. Nc3 e5 3. Bc4 d6 4. d3 Be6 5. Bxe6 fxe6 6. f4 exf4 7. Bxf4 e5 8.
Bxe5 dxe5 9. Qh5+ Kd7 10. Nf3 Nc6 11. Qf5+ Ke8 12. Nd5 Qd7 13. Qxd7+ Kxd7 14.
Ng5 Nf6 15. O-O Be7 16. Rf5 Raf8 17. Raf1 h6 18. Nf3 Bd6 19. Nh4 Nxd5 20. exd5
Nd4 21. Rxf8 Rxf8 22. Rxf8 Bxf8 23. c3 Ne2+ 24. Kf2 Nf4 25. Ke3 Be7 26. Nf3 Kd6
1-0

[Event "Haifa ol (Women) fin-A"]
[Site "Haifa"]
[Date "1976.??.??"]
[Round "7.1"]
[White "Hoiberg, Nina"]
[Black "Ferrer Lucas, Pepita"]
[Result "0-1"]
[WhiteElo "1800"]
[BlackElo "2070"]
[PlyCount "86"]
[EventDate "1976.10.25"]
[EventType "team"]
[EventRounds "7"]
[EventCountry "ISR"]
[SourceTitle "EXT 2000"]
[Source "ChessBase"]
[SourceDate "1999.11.16"]
[SourceVersion "1"]
[SourceVersionDate "1999.11.16"]
[SourceQuality "1"]
[WhiteTeam "Danmark"]
[BlackTeam "Spanien"]

1. e4 e6 2. d4 d5 3. exd5 exd5 4. Bd3 Bd6 5. Ne2 Nf6 6. Bf4 Nc6 7. c3 Bg4 8.
Bxd6 Qxd6 9. O-O O-O 10. Qc2 Rfe8 11. Ng3 Ne7 12. Nd2 Ng6 13. Rfe1 Nf4 14. h3
Nxd3 15. Qxd3 Bd7 16. Nf3 c6 17. Ne5 Re7 18. Re3 Rae8 19. Rae1 Be6 20. Qe2 Ne4
21. Nf1 f6 22. Nd3 b6 23. f3 Ng5 24. h4 Nf7 25. f4 Nh6 26. Nh2 Nf5 27. Rf3 Nxh4
28. Re3 Nf5 29. Rf3 Bc8 30. Qf2 Rxe1+ 31. Nxe1 Qe7 32. Nd3 Qe2 33. Qxe2 Rxe2
34. Rf2 Re3 35. Rf3 Re7 36. Rf1 Ba6 37. Rd1 Bxd3 38. Rxd3 Re2 39. Nf1 Rxb2 40.
Rd2 Rb1 41. Kf2 Kf7 42. Ne3 Nxe3 43. Kxe3 Re1+ 0-1

[Event "Haifa ol (Women) fin-A"]
[Site "Haifa"]
[Date "1976.??.??"]
[Round "7.2"]
[White "Garcia Vicente, Nieves"]
[Black "Haahr, Merete"]
[Result "1-0"]
[WhiteElo "1800"]
[BlackElo "2030"]
[PlyCount "95"]
[EventDate "1976.10.25"]
[EventType "team"]
[EventRounds "7"]
[EventCountry "ISR"]
[SourceTitle "EXT 2000"]
[Source "ChessBase"]
[SourceDate "1999.11.16"]
[SourceVersion "1"]
[SourceVersionDate "1999.11.16"]
[SourceQuality "1"]
[WhiteTeam "Spanien"]
[BlackTeam "Danmark"]

1. d4 Nf6 2. Nf3 e6 3. c4 b5 4. cxb5 a6 5. e3 axb5 6. Bxb5 c6 7. Bd3 Ba6 8. Nc3
Bb4 9. O-O Qa5 10. Qc2 c5 11. Ne5 d5 12. Rd1 c4 13. Bf1 Bb7 14. Bd2 Nc6 15. b3
cxb3 16. axb3 Qd8 17. Nxc6 Bxc6 18. Na2 Bxd2 19. Qxc6+ Ke7 20. Qc5+ Qd6 21.
Qxd6+ Kxd6 22. Rxd2 Rhc8 23. Bd3 Ne4 24. Bxe4 dxe4 25. Rad1 Ra3 26. b4 Rb3 27.
Kf1 Kd5 28. Ke2 f5 29. h4 h6 30. Rc1 Rxc1 31. Nxc1 Rxb4 32. Rc2 g5 33. hxg5
hxg5 34. Na2 Rb3 35. Nc3+ Kd6 36. f3 exf3+ 37. gxf3 e5 38. d5 Rb4 39. Ra2 g4
40. Ra6+ Kd7 41. fxg4 Rxg4 42. Nb5 f4 43. Ra7+ Kd8 44. e4 Rg3 45. Nd6 Rc3 46.
Kf2 Rg3 47. Ke2 Re3+ 48. Kd2 1-0